[Event "BEL-ch U16"]
[Site "Houffalize"]
[Date "2009.04.16"]
[Round "6"]
[White "Mouratidis, Ioannis"]
[Black "Goebbels, Benoit"]
[Result "1/2-1/2"]
[WhiteElo "1334"]
[BlackElo "1372"]
[PlyCount "41"]
[EventDate "2009.04.13"]
[EventType "swiss"]
[EventRounds "9"]
[EventCountry "BEL"]
[SourceTitle "EXT 2012"]
[Source "ChessBase"]
[SourceDate "2011.11.24"]
[SourceVersion "1"]
[SourceVersionDate "2011.11.24"]
[SourceQuality "1"]

1. e4 c5 2. c3 Nf6 3. e5 Nd5 4. d4 Nc6 5. Nf3 cxd4 6. cxd4 g6 7. Nc3 Qa5 8. Bd2 Bg7 9. Qb3 Nxc3 10. bxc3 0-0 11. Bd3 Qc7 12. 0-0 b6 13. Rfe1 Bb7 14. Be4 Na5 15. Qb4 Bxe4 16. Rxe4 Rfe8 17. Bf4 Qc6 18. Rae1 Rac8 19. Bg5 Qe6 20. Qb5 Qc6 21. Qb4 1/2-1/2